ბათუმის შოთა რუსთაველის სახელმწიფო უნივერსიტეტის ბიბლიოთეკა

ტრაგედიები (ბიბ.ჩანაწერი № 59095)

000 -ლიდერი
ფიქსირებული სიგრძის საკონტროლო ველი 01304nam a22002297a 4500
003 - საკონტროლო ნომრის იდენტიფიკატორი
საკონტროლო ველი Ge_BSU
005 - ბოლო ოპერაციის თარიღი და დრო
საკონტროლო ველი 20221124153009.0
008 - ფიქსირებული სიგრძის მონაცემთა ელემენტები - ზოგადი ინფორმაცია
ფიქსირებული სიგრძის საკონტროლო ველი 221124s1985ge xxu||||| |||| 00| 0 geo d
041 ## - ენის კოდი
Language code of text/sound track or separate title geo
080 ## - უნივერსალური ათობითი კლასიფიკაციის ინდექსი
Universal Decimal Classification number 821.111-21 შ-56
100 ## - მთავარი ჩანაწერი - პიროვნების სახელი
Personal name შექსპირი, უილიამ, ავტორი.
9 (RLIN) 16047
245 ## - ცნობა სათაურის შესახებ
Title ტრაგედიები
Remainder of title წ. 2 /
Statement of responsibility, etc უილიამ შექსპირი ; ინგლ. თარგმ. ი. მაჩაბელის მიერ ; რედ. და კომენტ. ნ. ყიასაშვილისა.
264 ## - წარმოების, გამოცემის, დისტრიბუციის და სხვა ცნობები
გამოცემის, წარმოების, დისტრიბუციის... ადგილი თბილისი :
გამოცემის, წარმოების, დისტრიბუციის... სახელწოდება საბჭ. საქართველო,
გამოცემის, წარმოების, დისტრიბუციის... თარიღი 1985.
300 ## - ფიზიკური აღწერა
Extent 678 გვ.
Other physical details 22 სმ.
440 ## - სერიის ცნობა / დამატებულია ჩანაწერი - სათაური
Title მსოფლიო ლიტერატურის ბიბლიოთეკა. სერია პირველი ; ტ. 18
9 (RLIN) 16048
501 ## - შენიშვნა თანმხლებ მასალაზე
With note შენიშვნები: გვ. 667-677.
653 ## - INDEX TERM--UNCONTROLLED
Uncontrolled term ტრაგედიები
653 ## - INDEX TERM--UNCONTROLLED
Uncontrolled term მეფე ლირი ანტონიოსი და კლეოპატრა კორიოლანოს.
700 ## - ADDED ENTRY--PERSONAL NAME
Personal name მაჩაბელი, ი
Relator term მთარგმნელი
9 (RLIN) 16049
700 ## - ADDED ENTRY--PERSONAL NAME
Personal name ყიასაშვილი, ნ
Relator term რედაქტორი
9 (RLIN) 5544
942 ## - ADDED ENTRY ELEMENTS (KOHA)
Source of classification or shelving scheme
Koha item type წიგნი
ეგზემპლარები
ჩამოწერის სტატუსი დაკარგული ეგზემპლარის სტატუსი კლასიფიკაციის წყარო ან თაროზე გაწყობის სქემა დაზიანების სტატუსი არ გაიცემა მუდმივი მდებარეობა (დაცვის ადგილი) ამჟამინდელი ადგილსამყოფელი თაროზე განთავსების ადგილი შეძენის თარიღი ღირებულება, შესყიდვის ნორმალური ფასი სრული შენახვის შიფრი შტრიხკოდი ბოლო ოპერაციის თარიღი ეგზემპლარის მიმდევრობითი ნომერი (კეტერი?) ფასის ძალაში შესვლის თარიღი ეგზემპლარის სახეობა საჯარო შენიშვნა
          ბათუმის შოთა რუსთაველის სახელმწიფო უნივერსიტეტის მთავარი ბიბლიოთეკა ბათუმის შოთა რუსთაველის სახელმწიფო უნივერსიტეტის მთავარი ბიბლიოთეკა წიგნსაცავი 2022-11-24 10.00 821.111-21 შ-56 63163 2022-11-24 63163 2022-11-24 წიგნი 10.00